Physics of the solar system (Record no. 4677)

MARC details
000 -LEADER
fixed length control field 00516nam a2200169Ia 4500
003 - CONTROL NUMBER IDENTIFIER
control field IN-BaIIA
008 - FIXED-LENGTH DATA ELEMENTS--GENERAL INFORMATION
fixed length control field 211028s9999 xx 000 0 eng d
040 ## - CATALOGING SOURCE
Transcribing agency IIA Library
080 ## - UNIVERSAL DECIMAL CLASSIFICATION NUMBER
Universal Decimal Classification number 523
Item number CAM
100 ## - MAIN ENTRY--PERSONAL NAME
Personal name Cameron, A. G. W
9 (RLIN) 8280
245 #0 - TITLE STATEMENT
Title Physics of the solar system
Remainder of title based on a course of lectures given at Yale University, 1963-1964
Statement of responsibility, etc. A. G. W. Cameron
260 ## - PUBLICATION, DISTRIBUTION, ETC.
Place of publication, distribution, etc. Connecticut, U.S.A
Name of publisher, distributor, etc. Yale University Press
Date of publication, distribution, etc. 1964
300 ## - PHYSICAL DESCRIPTION
Extent 490p.
650 ## - SUBJECT ADDED ENTRY--TOPICAL TERM
Topical term or geographic name entry element Astrophysics
9 (RLIN) 794
650 ## - SUBJECT ADDED ENTRY--TOPICAL TERM
Topical term or geographic name entry element Solar system
942 ## - ADDED ENTRY ELEMENTS (KOHA)
Koha item type Books
Holdings
Withdrawn status Lost status Damaged status Not for loan Home library Current library Shelving location Date acquired Total Checkouts Full call number Barcode Date last seen Price effective from Koha item type
        IIA Library-Bangalore IIA Library-Bangalore General Stacks 12/02/1975   523/ CAM 5222 05/11/2021 12/02/1975 Books

Powered by Koha